| 000 | 00543nam a2200217 454500 | ||
|---|---|---|---|
| 001 | 038320 | ||
| 003 | BD-ChCU | ||
| 008 | Eng | ||
| 020 | _a0818501162 | ||
| 040 |
_aDLC _cDLC _dBD-ChCU |
||
| 082 | 0 | 0 | _a158.7/Z43f |
| 100 | 1 |
_aZedeck, Sheldon _bBlood, Miltion R. |
|
| 245 | 1 | 0 |
_aFoundations of behavioral science research in organizations _bx |
| 250 | _ax | ||
| 260 |
_aCalifornia _bCole Pub., _c1974 |
||
| 300 | _avii,200 | ||
| 504 | _aIncludes | ||
| 650 | 0 |
_aPsychology, Applied _bPsychology |
|
| 700 | 1 | _ax | |
| 942 |
_2ddc _cBK |
||
| 999 |
_c38320 _d38320 |
||